Study of ARQ hybrid schemes for LTE technology

Enregistré dans:
Détails bibliographiques
Auteur principal: Milićević, Anđela (Auteur)
Autres auteurs: Kotuliaková, Kvetoslava (Directeur de thèse)
Format: Manuscrit Livre
Langue:slovaque
anglais
Publié: Bratislava : STU v Bratislave FEI, 2021
Sujets:
Accès en ligne:https://opac.crzp.sk/?fn=detailBiblioForm&sid=CF9E62B1F4156FE3B92A0D84D7C8&seo=CRZP-detail-kniha
Tags: Ajouter un tag
Pas de tags, Soyez le premier à ajouter un tag!

MARC

LEADER 00000ntm a22000003a 4500
001 stuzp82520
003 SK-STU
005 20210924100237.5
007 ta
008 150427s2015----xo-----f-mn---000-0-slo-d
040 |a STU  |b slo 
041 0 |a eng 
044 |a xo 
100 1 |a Milićević, Anđela  |u 037000  |4 aut  |U FEI Fakulta elektrotechniky a informatiky  |T FEI Ústav multimediálnych informačných a komunikačných technológií  |X 92569  |U E070  |Y 818  |7 92569 
242 0 1 |a Štúdia hybridných schém ARQ pre technológiu LTE  |y slo 
245 1 0 |a Study of ARQ hybrid schemes for LTE technology 
260 |a Bratislava :  |b STU v Bratislave FEI,  |c 2021 
300 |a 41 s. 
650 4 |a LTE  |2 slo 
650 4 |a HARQ  |2 slo 
650 4 |a priepustnosť  |2 slo 
650 4 |a retransmisie  |2 slo 
650 4 |a SNR  |2 slo 
650 4 |a LTE  |2 eng 
650 4 |a HARQ  |2 eng 
650 4 |a throughput  |2 eng 
650 4 |a retransmissions  |2 eng 
650 4 |a SNR  |2 eng 
700 1 |a Kotuliaková, Kvetoslava  |u 037000  |k Z1  |4 ths  |U FEI Fakulta elektrotechniky a informatiky  |T FEI Ústav multimediálnych informačných a komunikačných technológií  |X 2015  |U E070  |Y 818  |7 A000002015 
856 4 |u https://opac.crzp.sk/?fn=detailBiblioForm&sid=CF9E62B1F4156FE3B92A0D84D7C8&seo=CRZP-detail-kniha